[Event "POL-chT4 Kujawsko-Pomorskie 1617"]
[Site "Poland"]
[Date "2016.11.27"]
[Round "3"]
[White "Kozielski, Miroslaw"]
[Black "Sargalski, Andrzej"]
[Result "1-0"]
[WhiteElo "1698"]
[BlackElo "1801"]
[PlyCount "37"]
[EventDate "2016.11.06"]
[EventType "team-tourn"]
[EventRounds "11"]
[EventCountry "POL"]
[SourceTitle "EXT 2019"]
[Source "ChessBase"]
[SourceDate "2018.10.10"]
[SourceVersion "1"]
[SourceVersionDate "2018.10.10"]
[SourceQuality "1"]

1. d4 d5 2. c4 Nf6 3. Nc3 c6 4. Nf3 e6 5. Bg5 Nbd7 6. e3 h6 7. Bh4 Be7 8. Rc1 Qa5 9. cxd5 cxd5 10. Bd3 Ne4 11. Bxe7 Nxc3 12. Rxc3 Kxe7 13. 0-0 b5 14. Qc2 Bb7 15. Ne5 Rac8 16. Rxc8 Rxc8 17. Qxc8 Bxc8 18. Nc6+ Kd6 19. Nxa5 1-0

[Event "POL-chT4 Kujawsko-Pomorskie 1516"]
[Site "Poland"]
[Date "2016.01.31"]
[Round "6"]
[White "Jaroch, Karol"]
[Black "Kozielski, Miroslaw"]
[Result "1-0"]
[WhiteElo "2207"]
[BlackElo "1696"]
[PlyCount "89"]
[EventDate "2015.11.08"]
[EventType "team-tourn"]
[EventRounds "11"]
[EventCountry "POL"]
[SourceTitle "EXT 2019"]
[Source "ChessBase"]
[SourceDate "2018.10.10"]
[SourceVersion "1"]
[SourceVersionDate "2018.10.10"]
[SourceQuality "1"]

1. Nf3 b6 2. e4 Bb7 3. Nc3 e6 4. d4 Bb4 5. Bd3 Nf6 6. Qe2 d5 7. exd5 Nxd5 8. Bd2 Bxc3 9. bxc3 Nd7 10. 0-0 0-0 11. Be4 a5 12. Bg5 N7f6 13. Qe1 Ba6 14. Bd3 h6 15. Bh4 Bxd3 16. cxd3 Nf4 17. h3 Nxd3 18. Qd2 g5 19. Nxg5 hxg5 20. Qxg5+ Kh7 21. Rab1 Rg8 22. Qe3 Qd5 23. Qxd3+ Qe4 24. Qxe4+ Nxe4 25. Rfc1 Nd2 26. Rb5 Nc4 27. f4 f5 28. Bg5 c6 29. Rbb1 b5 30. Re1 Nd2 31. Rbc1 Ne4 32. Re3 Ra7 33. h4 a4 34. g4 Rd7 35. Kg2 c5 36. Rd1 c4 37. a3 Rd5 38. Kf3 Kg6 39. Be7 Kf7 40. Bb4 Rxg4 41. Rxe4 Rxh4 42. Re2 Rd8 43. Rg2 Rdh8 44. d5 Rd8 45. dxe6+ 1-0

[Event "POL-chT4 Kujawsko-Pomorskie 1516"]
[Site "Poland"]
[Date "2016.01.10"]
[Round "5"]
[White "Kozielski, Miroslaw"]
[Black "Tarnowski, Marian"]
[Result "0-1"]
[WhiteElo "1696"]
[BlackElo "1776"]
[PlyCount "50"]
[EventDate "2015.11.08"]
[EventType "team-tourn"]
[EventRounds "11"]
[EventCountry "POL"]
[SourceTitle "EXT 2019"]
[Source "ChessBase"]
[SourceDate "2018.10.10"]
[SourceVersion "1"]
[SourceVersionDate "2018.10.10"]
[SourceQuality "1"]

1. d4 d6 2. c4 Nf6 3. Nf3 g6 4. Nc3 Bg7 5. Bf4 0-0 6. h3 c6 7. e3 Re8 8. Be2 Nbd7 9. 0-0 Nf8 10. Rc1 N6d7 11. d5 Nf6 12. e4 Nh5 13. Bg5 Qc7 14. Qd2 e5 15. Bh6 Bh8 16. dxc6 bxc6 17. Rfd1 Rd8 18. c5 Ne6 19. cxd6 Qd7 20. Na4 Qe8 21. Qa5 Bd7 22. Be3 Nhf4 23. Bxf4 Nxf4 24. Bc4 Be6 25. Nc5 Bg7 0-1

[Event "POL-chT4 Kujawsko-Pomorskie 1516"]
[Site "Poland"]
[Date "2015.11.22"]
[Round "2"]
[White "Napierala, Slawomir"]
[Black "Kozielski, Miroslaw"]
[Result "1/2-1/2"]
[WhiteElo "1696"]
[BlackElo "1696"]
[PlyCount "83"]
[EventDate "2015.11.08"]
[EventType "team-tourn"]
[EventRounds "11"]
[EventCountry "POL"]
[SourceTitle "EXT 2019"]
[Source "ChessBase"]
[SourceDate "2018.10.10"]
[SourceVersion "1"]
[SourceVersionDate "2018.10.10"]
[SourceQuality "1"]

1. e4 d5 2. e5 Bf5 3. d4 e6 4. Bd3 Bxd3 5. Qxd3 a6 6. a4 c5 7. c3 Nc6 8. Nf3 Qb6 9. 0-0 cxd4 10. cxd4 Bb4 11. Nc3 Nge7 12. Ne2 Nf5 13. Rd1 0-0 14. Nf4 Qd8 15. Nh5 h6 16. Kh1 Rc8 17. g4 Nfxd4 18. Nxd4 Nxe5 19. Qg3 Ng6 20. g5 hxg5 21. Bxg5 Qd6 22. Qg2 Rc4 23. Bf4 Qe7 24. Be5 Bd6 25. Bxg7 Qh4 26. Bxf8 Kxf8 27. Ng3 Rxd4 28. Rac1 Rxa4 29. Rc3 Rb4 30. Rd2 Be5 31. Rcc2 b5 32. Nf1 Rg4 33. Ng3 f5 34. Rc8+ Kf7 35. Ra8 f4 36. Qf3 Qh3 37. Rxd5 exd5 38. Qxd5+ Kf6 39. Rxa6+ Kg5 40. Qd8+ Kh6 41. Qf8+ Bg7 42. Nf5+ 1/2-1/2

[Event "Bagsvard GSF 75 Years-D"]
[Site "Bagsvard"]
[Date "2008.04.29"]
[Round "3"]
[White "Madsen, Alex"]
[Black "Kozielski, Miroslaw"]
[Result "0-1"]
[WhiteElo "1151"]
[BlackElo "1500"]
[PlyCount "52"]
[EventDate "2008.04.15"]
[EventType "swiss"]
[EventRounds "7"]
[EventCountry "DEN"]
[SourceTitle "EXT 2023"]
[Source "ChessBase"]
[SourceDate "2022.10.05"]
[SourceVersion "1"]
[SourceVersionDate "2022.10.05"]
[SourceQuality "1"]

1. d4 f5 2. c4 Nf6 3. Nc3 e6 4. Nf3 c6 5. a3 d5 6. Bf4 Bd6 7. Bxd6 Qxd6 8. Ne5 Nbd7 9. c5 Qc7 10. f4 0-0 11. e3 Nxe5 12. dxe5 Ne4 13. Nxe4 dxe4 14. Bc4 b5 15. Ba2 Rd8 16. Qc2 Rd3 17. Qf2 Qe7 18. b4 Rxa3 19. Bxe6+ Bxe6 20. Rxa3 Bc4 21. Qb2 Rd8 22. Kf2 Qh4+ 23. g3 Qg4 24. Rha1 Qf3+ 25. Kg1 Rd1+ 26. Rxd1 Qxd1+ 0-1